Plovdivi festők kiállítása
Elmentve itt :
| Szerző: | |
|---|---|
| Dokumentumtípus: | Cikk |
| Megjelent: |
1972-05-13
|
| Sorozat: | Délmagyarország
62 No. 111 |
| Kulcsszavak: | Plovdiv, műgyűjtők kiállítása |
| Online Access: | http://dmarchiv.bibl.u-szeged.hu/112201 |
| LEADER | 00466nab a2200157 i 4500 | ||
|---|---|---|---|
| 001 | delm112201 | ||
| 005 | 20190320121107.0 | ||
| 008 | 190320s1972 hu o 0|| hun d | ||
| 040 | |a SZTE Délmagyarország Archívum |b hun | ||
| 041 | |a hun | ||
| 100 | 1 | |a Tandi Lajos | |
| 245 | 1 | 0 | |a Plovdivi festők kiállítása |h [elektronikus dokumentum] / |c Tandi Lajos |
| 260 | |c 1972-05-13 | ||
| 300 | |a 5 | ||
| 490 | 0 | |a Délmagyarország |v 62 No. 111 | |
| 695 | |a Plovdiv, műgyűjtők kiállítása | ||